| 000 | 01959nam a2200493 i 4500 | ||
|---|---|---|---|
| 001 | vtls000947705 | ||
| 003 | PNM | ||
| 005 | 20221027150807.0 | ||
| 008 | 220103s2022 my oc g 000 0 may | ||
| 015 | _aM22-07141 | ||
| 020 |
_a9789672789130 _qset |
||
| 020 |
_a9789672789024 _cRM192.00 _qhardback |
||
| 039 | 9 |
_a202210121239 _bazra _c202205261424 _dnorini _c202205261201 _dnorini _c202201031216 _dalvian |
|
| 040 |
_aBNM _beng _cBNM _dPNM _dPPAK _erda |
||
| 049 | _aklpmal | ||
| 082 | 0 | 4 |
_a297.09 _223 |
| 090 | 0 | 0 |
_a297.09 _bAMI _dR |
| 100 | 0 |
_aAmira Nadia binti Abd Latib _eauthor. |
|
| 245 | 1 | 0 |
_aALMANAK ISLAM = المناک إسلام : _b"Menyelusuri Sejarah Islam Dalam Setiap Peringkat Zaman": RABI'ULAWAL / _cNAMA PENULIS: AMIRA NADIA BINTI ABD LATIB & MAHIRAH MUYASSARAH BINTI MAHMUD, Ady Fazlee bin Mahad, Noorjehan binti Mahmod ; Editor: 3 Pearl I Resources |
| 246 | 3 | 8 |
_aALMANAK ISLAM : _bRABI'ULAWAL = ربيع الأول |
| 250 | _aEDISI PERTAMA | ||
| 264 | 1 |
_aBatu Caves, Selangor : _b3 Pearl I Resources, _c2022 |
|
| 300 |
_a92 pages ; _bcolour photographs, colour portraits ; _c26 cm |
||
| 336 |
_atext _2rdacontent |
||
| 336 |
_astill image _2rdacontent |
||
| 337 |
_aunmediated _2rdamedia |
||
| 338 |
_avolume _2rdacarrier |
||
| 490 | 1 | _aALMANAK ISLAM | |
| 500 | _aContains verses from the Al-Quran and quotes from the Hadith. | ||
| 504 | _aBibliography: pages 76-92 | ||
| 650 | 1 | 0 | _aIslamic calendar. |
| 650 | 2 | 0 |
_aIslam _xHistory. |
| 650 | 2 | 0 |
_aIslamic almanacs _xHistory. |
| 700 | 0 |
_aMahirah Musayyarah binti Mahmud, _eauthor. |
|
| 700 | 0 |
_aAdy Fazlee bin Mahad, _eauthor. |
|
| 700 | 0 |
_aNoorjehan Binti Mahmod , _eauthor. |
|
| 710 | 2 |
_a3 Pearl I Resources, _eeditor. |
|
| 830 | 0 | _aAlmanak Islam | |
| 942 |
_2ddc _cB |
||
| 949 |
_61001451104 _e2777832 _s3712:20221012 |
||
| 949 |
_61001451103 _e2777831 _s3712:20221012 |
||
| 949 |
_61001451102 _e2777830 _s3712:20221012 |
||
| 949 |
_61001451101 _e2777829 _s3712:20221012 |
||
| 999 |
_c189682 _d189682 |
||